Normal view
MARC view
- Hitler, Adolf,
Entry Personal Name
001 - CONTROL NUMBER
- control field: 27291
003 - CONTROL NUMBER IDENTIFIER
- control field: NUST
005 - DATE AND TIME OF LATEST TRANSACTION
- control field: 20200101115904.0
008 - FIXED-LENGTH DATA ELEMENTS
- fixed length control field: 200101|| aca||aabn | a|a d
040 ## - CATALOGING SOURCE
- Original cataloging agency: NUST
- Transcribing agency: NUST
100 ## - HEADING--PERSONAL NAME
- Personal name: Hitler, Adolf,
- Dates associated with a name: 1889-1945.
670 ## - SOURCE DATA FOUND
- Source citation: Work cat.: (NUST): Hitler, Adolf, 1889-1945., Mein Kampf /, 2009.
